000 00702nam a2200217Ia 4500
003 GCL
008 140319s9999 xx 000 0 ara d
040 _aGCL /
_cGCL
082 0 4 _a634.6
_bع ن
100 1 _aعاطف محمد ابراهيم
245 1 0 _aنخلة التمر زراعتها, رعايتها, انتاجها,?فى الوطن العربى /
_cعاطف محمد ابراهيم
700 1 _aمحمد نظيف حجاج خليف
260 _a[S.N] :
_bمنشاة المعارف الاسلامية
300 _a693 ص
490 _a
650 0 4 _aالافات الزراعية
650 0 4 _aالنباتات
650 0 4 _aالنخيل
650 0 4 _aالبلح
942 _2ddc
_cBK
999 _c32546
_d32546